Die größten Städte Deutschlands nach Prozentanteil im Bundesland - Statistiken

Allgemein
  • Dieses Quiz wurde 252 mal gespielt
  • Das Durchschnittsergebnis liegt bei 46 aus 70
Antwortstatistiken
Anteil an der Bevölkerung im Bundesland Antwort % Korrekt
100% Berlin
100%
83,3% Bremen
100%
100% Hamburg
99%
6% Köln
96%
11,3% München
96%
12% Frankfurt am Main
95%
2,2% Frankfurt (oder)
95%
2% Dillingen/Saar
94%
13,7% Dresden
94%
14,9% Leipzig
94%
3,3% Dortmund
93%
8,4% Kiel
93%
5,6% Stuttgart
92%
3,5% Düsseldorf
91%
18,3% Saarbrücken
91%
6,7% Hannover
90%
3,2% Essen
89%
10,9% Magdeburg
89%
5,3% Mainz
89%
3,9% Nürnberg
89%
7,2% Potsdam
88%
12,9% Rostock
88%
10,1% Erfurt
87%
6% Schwerin
86%
5,3% Jena
82%
4,4% Wiesbaden
80%
11% Halle
79%
2,2% Augsburg
78%
7,4% Lübeck
77%
2,8% Mannheim
76%
16,6% Bremerhaven
75%
6% Chemnitz
74%
3,1% Flensburg
74%
3,2% Kassel
74%
3,1% Braunschweig
73%
3,9% Cottbus
72%
2,1% Freiburg im Breisgau
72%
2,8% Karlsruhe
72%
2,8% Duisburg
68%
4,3% Gera
68%
2% Bochum
66%
2,8% Koblenz
65%
2,7% Trier
64%
2,5% Darmstadt
63%
2,1% Oldenburg
61%
2,8% Brandenburg an der Havel
59%
2,4% Kaiserslautern
57%
4,2% Ludwigshafen am Rhein
54%
2,1% Offenbach am Main
50%
2,1% Zwickau
50%
3,1% Weimar
45%
3,7% Greifswald
44%
3,6% Dessau-Roßlau
43%
3,5% Saarlouis
43%
3,7% Stralsund
42%
4,3% Homburg
41%
3,9% Neubrandenburg
41%
4,7% Neunkirchen
40%
2,7% Neumünster
36%
2,6% Wismar
34%
2% Worms
32%
2,1% Gotha
25%
4% Völklingen
25%
2% Eisenach
22%
2,7% Norderstedt
19%
2,1% Wittenberg
19%
3,1% Merzig
18%
3,6% St. Ingbert
18%
2,5% St. Wendel
16%
2% Blieskastel
4%
Keine übereinstimmenden Quizze gefunden
Verteilung der Resultate
Anzahl Personen mit jedem Resultat
Perzentil nach korrekt beantworteten Fragen
Ihre Resultats-Entwicklung
Sie haben dieses Quiz noch nicht gespielt